|
|
|
|
| LEADER |
00000nam0a2200000 4500 |
| 001 |
30852 |
| 005 |
20231030204148.0 |
| 010 |
|
|
|a 5238000308
|
| 035 |
|
|
|a (RuTPU)RU\TPU\book\31127
|
| 035 |
|
|
|a BOOK00000058
|
| 090 |
|
|
|a 30852
|
| 100 |
|
|
|a 20011209d1999 u y0rusy50 ca
|
| 101 |
0 |
|
|a rus
|
| 102 |
|
|
|a RU
|
| 105 |
|
|
|a f 001|y
|
| 200 |
1 |
|
|a Высшая математика для экономистов
|e учебник
|f Под ред. Н. Ш. Кремера
|
| 205 |
|
|
|a 2-е изд., перераб. и доп.
|
| 210 |
|
|
|a Москва
|c Банки и биржи
|c ЮНИТИ
|d 1999
|
| 215 |
|
|
|a 471 с.
|
| 320 |
|
|
|a Библиогр.: с. 445.
|
| 320 |
|
|
|a Алф.-предм. указ.: с. 456-464.
|
| 451 |
|
1 |
|0 (RuTPU)RU\TPU\book\61164
|y 5-238-00030-8
|t Высшая математика для экономистов
|o учебник для вузов
|f Под ред. Н. Ш. Кремера
|e 2-е изд., перераб. и доп.
|c М.
|n ЮНИТИ
|d 2000
|p 471 с.
|
| 451 |
|
1 |
|0 (RuTPU)RU\TPU\book\10252
|y 5238000308
|t Высшая математика для экономистов
|o учебник для вузов
|f Н. Ш. Кремер [и др.]
|g под ред. Н. Ш. Кремера
|e 2-е изд., перераб. и доп.
|c М.
|n Банки и биржи
|n ЮНИТИ
|d 1998
|p 471 с.
|
| 610 |
1 |
|
|a математика
|
| 610 |
1 |
|
|a линейная алгебра
|
| 610 |
1 |
|
|a матрицы
|
| 610 |
1 |
|
|a определители
|
| 610 |
1 |
|
|a линейные уравнения
|
| 610 |
1 |
|
|a анализ матричный
|
| 610 |
1 |
|
|a пределы
|
| 610 |
1 |
|
|a дифференциальное исчисление
|
| 610 |
1 |
|
|a интегральное исчисление
|
| 610 |
1 |
|
|a ряды
|
| 610 |
1 |
|
|a функции
|
| 610 |
1 |
|
|a функции нескольких переменных
|
| 610 |
1 |
|
|a учебные пособия
|
| 675 |
|
|
|a 51(075.8)
|v 3
|
| 702 |
|
1 |
|a Кремер
|g Наум Шевелевич
|
| 801 |
|
0 |
|a RU
|b 63413507
|c 20011209
|g PSBO
|
| 801 |
|
2 |
|a RU
|b 63413507
|c 20091117
|g PSBO
|
| 900 |
|
|
|a Математические методы исследования экономики
|
| 942 |
|
|
|c BK
|